[Event "AUT-ch Seniors 50"]
[Site "Vienna"]
[Date "2023.05.17"]
[Round "3"]
[White "Kummer, Helmut"]
[Black "Mueller, Max"]
[Result "1-0"]
[WhiteElo "2214"]
[BlackElo "2061"]
[PlyCount "69"]
[EventDate "2023.05.15"]
[EventType "swiss"]
[EventRounds "7"]
[EventCountry "AUT"]
[SourceTitle "CBM 214 Extra"]
[Source "ChessBase"]
[SourceDate "2023.07.31"]
[SourceVersion "1"]
[SourceVersionDate "2023.07.31"]
[SourceQuality "1"]

1. d4 Nf6 2. c4 g6 3. Nc3 Bg7 4. e4 d6 5. Be2 0-0 6. Nf3 e5 7. 0-0 Nc6 8. d5 Ne7 9. Ne1 Nd7 10. Be3 f5 11. f3 f4 12. Bf2 g5 13. b4 Rf6 14. Nd3 Rh6 15. Re1 a6 16. c5 Nf6 17. cxd6 cxd6 18. Na4 g4 19. Nb6 g3 20. hxg3 fxg3 21. Be3 Qe8 22. f4 Rb8 23. Nxc8 Rxc8 24. fxe5 Nxe4 25. Bxh6 Bxh6 26. Bh5 Qd8 27. Rxe4 Nxd5 28. Qg4+ Kh8 29. exd6 Nf6 30. d7 Qb6+ 31. Kh1 Rg8 32. Qe6 Qd8 33. Ne5 Rf8 34. Nf7+ Rxf7 35. Qxf7 1-0

[Event "AUT-ch Blitz"]
[Site "Graz"]
[Date "2021.06.06"]
[Round "2"]
[White "Mueller, Max"]
[Black "Ragger, Markus"]
[Result "0-1"]
[WhiteElo "2143"]
[BlackElo "2680"]
[PlyCount "47"]
[EventDate "2021.06.06"]
[EventType "swiss (blitz)"]
[EventRounds "11"]
[EventCountry "AUT"]
[SourceTitle "CBM 202 Extra"]
[Source "ChessBase"]
[SourceDate "2021.07.31"]
[SourceVersion "1"]
[SourceVersionDate "2021.07.31"]
[SourceQuality "1"]

1. e4 e5 2. Nf3 Nc6 3. Bb5 a6 4. Ba4 Nf6 5. d4 exd4 6. 0-0 Be7 7. e5 Ne4 8. Nxd4 Nc5 9. Nf5 Ne6 10. Re1 g6 11. Nh6 b5 12. Bb3 Bb7 13. Nc3 Ncd4 14. Bd5 c6 15. Be4 d5 16. exd6 Qxd6 17. Be3 Rf8 18. Ne2 0-0-0 19. c3 Nxe2+ 20. Qxe2 Qc7 21. a4 Bd6 22. h3 f5 23. Bf3 Nf4 24. Qc2 0-1

[Event "Nittenau-ch 14th"]
[Site "Nittenau"]
[Date "2014.09.07"]
[Round "5"]
[White "Mueller, Max"]
[Black "Stadler, Alexander"]
[Result "1-0"]
[WhiteElo "2072"]
[BlackElo "2130"]
[PlyCount "67"]
[EventDate "2014.09.05"]
[EventType "swiss"]
[EventRounds "5"]
[EventCountry "GER"]
[SourceTitle "CBM 162 Extra"]
[Source "ChessBase"]
[SourceDate "2014.10.17"]
[SourceVersion "1"]
[SourceVersionDate "2014.10.17"]
[SourceQuality "1"]

1. e4 d6 2. d4 Nf6 3. Nc3 e5 4. Nf3 Nbd7 5. Bc4 Be7 6. Ng5 0-0 7. Bxf7+ Rxf7 8. Ne6 Qe8 9. Nxc7 Qd8 10. Nxa8 b5 11. dxe5 Nxe5 12. Nd5 Nxe4 13. 0-0 Bh4 14. f3 Bf2+ 15. Rxf2 Nxf2 16. Kxf2 Qh4+ 17. Kg1 Ng4 18. h3 Qf2+ 19. Kh1 Rxf3 20. Bf4 Rxf4 21. Nxf4 Qxf4 22. Qd5+ Kh8 23. hxg4 Qxg4 24. Qf3 Qh4+ 25. Kg1 Be6 26. Rf1 Qc4 27. Qf8+ Bg8 28. Qxd6 Qxc2 29. Qe5 h6 30. Nc7 Bxa2 31. Ne8 Qg6 32. Rf8+ Bg8 33. Rf3 Bc4 34. Rg3 1-0

[Event "Nittenau-ch 14th"]
[Site "Nittenau"]
[Date "2014.09.06"]
[Round "3"]
[White "Schmidt, Johann1111"]
[Black "Mueller, Max"]
[Result "0-1"]
[WhiteElo "1805"]
[BlackElo "2072"]
[PlyCount "84"]
[EventDate "2014.09.05"]
[EventType "swiss"]
[EventRounds "5"]
[EventCountry "GER"]
[SourceTitle "CBM 162 Extra"]
[Source "ChessBase"]
[SourceDate "2014.10.17"]
[SourceVersion "1"]
[SourceVersionDate "2014.10.17"]
[SourceQuality "1"]

1. d4 Nf6 2. Nf3 c5 3. dxc5 Na6 4. c4 Nxc5 5. Nc3 g6 6. b4 Ne6 7. Bb2 Bg7 8. e3 d6 9. Be2 0-0 10. 0-0 b6 11. Nd4 Nxd4 12. exd4 Bb7 13. Qd3 Rc8 14. f4 e6 15. Rac1 Ba6 16. Ne4 Nxe4 17. Qxe4 d5 18. cxd5 Rxc1 19. Rxc1 Bb7 20. Qc2 Bxd5 21. Bc4 Bb7 22. Qd2 Qh4 23. g3 Qg4 24. Be2 Qf5 25. Kf2 Qh3 26. Qe3 Qxh2+ 27. Ke1 Qh1+ 28. Kd2 Qd5 29. Bc4 Qg2+ 30. Be2 Rd8 31. Rc7 Bf8 32. a3 Bd6 33. Rc1 Ba6 34. Re1 h5 35. Kc1 Bxe2 36. Rxe2 Qf1+ 37. Kc2 Rc8+ 38. Bc3 Qa1 39. Kb3 Qd1+ 40. Kb2 a5 41. bxa5 bxa5 42. Ka2 Rxc3 0-1

[Event "Nittenau-ch 14th"]
[Site "Nittenau"]
[Date "2014.09.05"]
[Round "1"]
[White "Antczak, Lena"]
[Black "Mueller, Max"]
[Result "1/2-1/2"]
[WhiteElo "1423"]
[BlackElo "2072"]
[PlyCount "63"]
[EventDate "2014.09.05"]
[EventType "swiss"]
[EventRounds "5"]
[EventCountry "GER"]
[SourceTitle "CBM 162 Extra"]
[Source "ChessBase"]
[SourceDate "2014.10.17"]
[SourceVersion "1"]
[SourceVersionDate "2014.10.17"]
[SourceQuality "1"]

1. e4 c5 2. Nc3 Nc6 3. f4 g6 4. Nf3 Bg7 5. g3 d6 6. Bg2 e5 7. d3 Nge7 8. 0-0 0-0 9. a3 Nd4 10. Be3 Bg4 11. Rb1 Rc8 12. Qd2 Qd7 13. fxe5 dxe5 14. Bh6 Bxh6 15. Qxh6 Bxf3 16. Bxf3 Nxc2 17. h3 Qxd3 18. Rbd1 Qe3+ 19. Qxe3 Nxe3 20. Rd7 Nxf1 21. Rxe7 Nd2 22. Bg4 f5 23. exf5 gxf5 24. Bh5 Rc6 25. Kg2 Nc4 26. Rxb7 Rb6 27. Rxa7 Rxb2+ 28. Kf1 Rc2 29. Nd5 Rb8 30. Nf6+ Kf8 31. Nxh7+ Kg8 32. Nf6+ 1/2-1/2

[Event "AUT North-ch"]
[Site "Linz"]
[Date "2001.04.11"]
[Round "6"]
[White "Kilgus, Georg"]
[Black "Mueller, Max"]
[Result "1-0"]
[WhiteElo "2234"]
[BlackElo "2088"]
[PlyCount "69"]
[EventDate "2001.04.06"]
[EventType "swiss"]
[EventRounds "9"]
[EventCountry "AUT"]
[SourceTitle "EXT 2006"]
[Source "ChessBase"]
[SourceDate "2005.11.24"]
[SourceVersion "1"]
[SourceVersionDate "2005.11.24"]
[SourceQuality "1"]

1. e4 c5 2. Nf3 Nc6 3. d4 cxd4 4. Nxd4 g6 5. c4 Nf6 6. Nc3 Nxd4 7. Qxd4 d6 8. c5 Bg7 9. cxd6 0-0 10. Qb4 exd6 11. Bf4 Re8 12. 0-0-0 Be6 13. Bb5 Nd7 14. Rxd6 Qe7 15. Bxd7 Bxc3 16. Qxc3 Bxd7 17. Qd4 Rac8+ 18. Kb1 Qxe4+ 19. Qxe4 Rxe4 20. Rxd7 Rxf4 21. f3 Rb4 22. Re1 Rbc4 23. Rxb7 Rc2 24. Rb8 Rxb8 25. Kxc2 Rb7 26. b3 h5 27. a3 Rc7+ 28. Kb2 Rd7 29. Re2 a5 30. Kc3 Rc7+ 31. Kd4 Rc1 32. b4 Ra1 33. b5 Rxa3 34. b6 Ra4+ 35. Kc5 1-0

[Event "AUT North-ch"]
[Site "Linz"]
[Date "2001.04.10"]
[Round "5"]
[White "Schoepf, Andreas"]
[Black "Mueller, Max"]
[Result "0-1"]
[WhiteElo "2208"]
[BlackElo "2088"]
[PlyCount "61"]
[EventDate "2001.04.06"]
[EventType "swiss"]
[EventRounds "9"]
[EventCountry "AUT"]
[SourceTitle "EXT 2006"]
[Source "ChessBase"]
[SourceDate "2005.11.24"]
[SourceVersion "1"]
[SourceVersionDate "2005.11.24"]
[SourceQuality "1"]

1. e4 c5 2. Nf3 Nc6 3. d4 cxd4 4. Nxd4 g6 5. Nc3 Bg7 6. Be3 Nf6 7. Bc4 0-0 8. Qd2 Ng4 9. 0-0-0 Nxe3 10. fxe3 d6 11. h4 Ne5 12. Bb3 h5 13. Nd5 Bd7 14. Nf4 a5 15. a4 Rc8 16. Qe2 Rc5 17. Nd3 Nxd3+ 18. Qxd3 Qe8 19. Bd5 Bg4 20. Rdf1 Qxa4 21. Bxb7 Rb8 22. Bd5 e6 23. Bb3 Qd7 24. Rf2 Qb7 25. Rhf1 Rc7 26. e5 d5 27. e4 dxe4 28. Qe3 Kh7 29. c3 Bh6 30. Rf4 a4 31. Kb1 0-1

[Event "Linz county-ch"]
[Site "Linz"]
[Date "1999.03.30"]
[Round "5"]
[White "Ziebermayr, Reinhard"]
[Black "Mueller, Max"]
[Result "1/2-1/2"]
[WhiteElo "2280"]
[BlackElo "2065"]
[PlyCount "121"]
[EventDate "1999.03.26"]
[EventType "swiss"]
[EventRounds "9"]
[EventCountry "AUT"]
[SourceTitle "EXT 2004"]
[Source "ChessBase"]
[SourceDate "2003.11.25"]
[SourceVersion "1"]
[SourceVersionDate "2003.11.25"]
[SourceQuality "1"]

1. d4 Nf6 2. c4 g6 3. Nc3 Bg7 4. e4 d6 5. f3 0-0 6. Be3 e5 7. d5 c6 8. Bd3 cxd5 9. cxd5 Na6 10. Bxa6 bxa6 11. Nge2 Ne8 12. Qd2 f5 13. 0-0 f4 14. Bf2 g5 15. Rfc1 g4 16. Qe1 Bh6 17. Rc2 Ng7 18. Kh1 Qe8 19. Qf1 Qh5 20. Bg1 gxf3 21. Qxf3 Bg4 22. Qd3 f3 23. Ng3 fxg2+ 24. Rxg2 Qh3 25. Rf1 Rxf1 26. Qxf1 Rf8 27. Nf5 Bf3 28. Bxa7 Bf4 29. Kg1 Bxg2 30. Qxg2 Qxg2+ 31. Kxg2 Nxf5 32. exf5 e4 33. Nxe4 Rxf5 34. Bb8 Kg7 35. Nxd6 Bxd6 36. Bxd6 Rxd5 37. Bf4 Kg6 38. Kf3 Kf5 39. Be3 Rd1 40. a3 Rh1 41. Kg3 a5 42. Bd2 a4 43. Bc3 Ke4 44. h3 Kd3 45. Kg4 Kc2 46. h4 Rb1 47. h5 Rxb2 48. Bf6 Rb3 49. Be7 Kb2 50. Kg5 Rxa3 51. Bxa3+ Kxa3 52. Kh6 Kb3 53. Kxh7 a3 54. h6 a2 55. Kg8 a1Q 56. h7 Qg1+ 57. Kh8 Qa7 58. Kg8 Qb8+ 59. Kg7 Qe5+ 60. Kg8 Qe6+ 61. Kg7 1/2-1/2

[Event "Sportland NRW-Cup"]
[Site "Senden"]
[Date "1998.10.16"]
[Round "9"]
[White "Mueller, Max"]
[Black "Konietzka, Lutz"]
[Result "1-0"]
[WhiteElo "2165"]
[BlackElo "2125"]
[PlyCount "57"]
[EventDate "1998.10.08"]
[EventType "swiss"]
[EventRounds "9"]
[EventCountry "GER"]
[SourceTitle "CBM 067 Extra"]
[Source "ChessBase"]
[SourceDate "1999.01.01"]
[SourceVersion "1"]
[SourceVersionDate "1999.01.01"]
[SourceQuality "1"]

1. e4 c5 2. Nf3 Nc6 3. Bb5 Nd4 4. Nxd4 cxd4 5. c3 Nf6 6. e5 Qb6 7. Qa4 Nd5 8. cxd4 a6 9. Be2 Nb4 10. a3 Nc6 11. d5 Nxe5 12. f4 Ng6 13. f5 Qc7 14. 0-0 b5 15. Qe4 Qe5 16. Qxe5 Nxe5 17. d4 Nc4 18. Bxc4 bxc4 19. Nd2 a5 20. Nxc4 Ba6 21. b3 a4 22. Re1 Kd8 23. Nb6 Rb8 24. Nxa4 Rxb3 25. Nc5 Rb6 26. Bd2 Rd6 27. Ba5+ Ke8 28. f6 Rxd5 29. Rab1 1-0

[Event "Sportland NRW-Cup"]
[Site "Senden"]
[Date "1998.10.15"]
[Round "8"]
[White "Junk, Andreas"]
[Black "Mueller, Max"]
[Result "0-1"]
[WhiteElo "1605"]
[BlackElo "2165"]
[PlyCount "64"]
[EventDate "1998.10.08"]
[EventType "swiss"]
[EventRounds "9"]
[EventCountry "GER"]
[SourceTitle "CBM 067 Extra"]
[Source "ChessBase"]
[SourceDate "1999.01.01"]
[SourceVersion "1"]
[SourceVersionDate "1999.01.01"]
[SourceQuality "1"]

1. Nf3 Nf6 2. g3 c5 3. Bg2 Nc6 4. d3 g6 5. 0-0 Bg7 6. e4 e5 7. Nbd2 0-0 8. Re1 d6 9. Nf1 Ne8 10. c3 Nc7 11. Ng5 f6 12. Nf3 f5 13. exf5 gxf5 14. Ng5 h6 15. Nh3 Be6 16. f4 Qd7 17. Ne3 Rae8 18. Nf2 b6 19. Qf3 Ne7 20. Qb7 e4 21. Nxf5 Bxf5 22. Bxe4 d5 23. Bxf5 Nxf5 24. Rxe8 Rxe8 25. Qxa7 Re1+ 26. Kg2 Ne3+ 27. Kf3 Nc2 28. Rb1 Qe7 29. Qxb6 Qe2+ 30. Kg2 Rf1 31. Qxc5 Ne1+ 32. Kh3 Qh5# 0-1

[Event "Sportland NRW-Cup"]
[Site "Senden"]
[Date "1998.10.11"]
[Round "4"]
[White "Mueller, Max"]
[Black "Schlecht, Daniel"]
[Result "1/2-1/2"]
[WhiteElo "2165"]
[BlackElo "2395"]
[PlyCount "101"]
[EventDate "1998.10.08"]
[EventType "swiss"]
[EventRounds "9"]
[EventCountry "GER"]
[SourceTitle "CBM 067 Extra"]
[Source "ChessBase"]
[SourceDate "1999.01.01"]
[SourceVersion "1"]
[SourceVersionDate "1999.01.01"]
[SourceQuality "1"]

1. e4 e6 2. d4 d5 3. exd5 exd5 4. c4 Nf6 5. Nc3 Bb4 6. Nf3 0-0 7. Be2 dxc4 8. Bxc4 Re8+ 9. Be3 Be6 10. Bxe6 Rxe6 11. Qb3 Rb6 12. Qc2 Nbd7 13. 0-0 Re6 14. Ng5 Rb6 15. Na4 Rc6 16. Qb3 Qf8 17. Nxf7 Qxf7 18. Qxb4 Qc4 19. Qxc4+ Rxc4 20. b3 Rc2 21. Rfc1 Rxc1+ 22. Rxc1 c6 23. Nc5 Nxc5 24. dxc5 Rd8 25. Kf1 Nd5 26. Ke2 Kf7 27. Rc4 h5 28. Bd2 Kg6 29. f3 Kf5 30. h4 g6 31. g3 Re8+ 32. Kd3 Kf6 33. Re4 Rxe4 34. fxe4 Nc7 35. Bg5+ Ke6 36. Bf4 Ne8 37. Be3 Nf6 38. Bd4 Nd7 39. Ke3 a6 40. Kf4 Kf7 41. b4 Ke6 42. a3 Kf7 43. Be5 Nf8 44. Bd6 Ne6+ 45. Ke5 Ng7 46. Kd4 Ne6+ 47. Kc4 Ke8 48. Be5 Kd7 49. Kb3 Nf8 50. Bd6 Ne6 51. Be5 1/2-1/2

[Event "Sportland NRW-Cup"]
[Site "Senden"]
[Date "1998.10.08"]
[Round "1"]
[White "Mainka, Romuald"]
[Black "Mueller, Max"]
[Result "1-0"]
[WhiteElo "2480"]
[BlackElo "2165"]
[PlyCount "129"]
[EventDate "1998.10.08"]
[EventType "swiss"]
[EventRounds "9"]
[EventCountry "GER"]
[SourceTitle "CBM 067 Extra"]
[Source "ChessBase"]
[SourceDate "1999.01.01"]
[SourceVersion "1"]
[SourceVersionDate "1999.01.01"]
[SourceQuality "1"]

1. e4 e5 2. Bc4 Nf6 3. d3 Bc5 4. Nf3 d6 5. c3 0-0 6. Bb3 Nc6 7. 0-0 Bg4 8. Nbd2 Qd7 9. Nc4 h6 10. Ne3 Be6 11. Ba4 Bxe3 12. fxe3 Qe7 13. Qe1 a6 14. Nh4 b5 15. Bc2 g6 16. d4 Bd7 17. b3 Kg7 18. a4 Rfe8 19. d5 Na5 20. c4 Nb7 21. Ba3 c5 22. h3 b4 23. Bb2 Nh7 24. Qg3 Qg5 25. Qf2 Qf6 26. Nf3 Qe7 27. Kh2 Rf8 28. Rg1 Ng5 29. Nd2 Nh7 30. Raf1 Rae8 31. g4 Qf6 32. Qg3 Qe7 33. Rf2 Nd8 34. Bd1 g5 35. Rh1 Rh8 36. Kg1 Nf8 37. Nf1 Ng6 38. Qh2 f6 39. Ng3 Nh4 40. Nh5+ Kg6 41. Bc1 Ref8 42. Bd2 Kh7 43. Rf1 Be8 44. Ng3 Kg7 45. Be1 Bg6 46. Qc2 Be8 47. Rh2 Rhg8 48. Kh1 Kh7 49. Nh5 Bxh5 50. gxh5 Rg7 51. Bg4 Kh8 52. Bg3 a5 53. Qf2 Rff7 54. Bxh4 gxh4 55. Qxh4 Rg5 56. Bf5 Rfg7 57. Rhf2 Rg3 58. Bg6 Rxe3 59. Rxf6 Rg8 60. Bf5 Qg7 61. Rg6 Qf8 62. Rf6 Qg7 63. Bg4 Rxe4 64. Rg6 Qh7 65. Qf6+ 1-0

[Event "Bad Zwesten op 2nd"]
[Site "Bad Zwesten"]
[Date "1998.??.??"]
[Round "6"]
[White "Mueller, Max"]
[Black "Bischoff, Klaus"]
[Result "0-1"]
[WhiteElo "2215"]
[BlackElo "2535"]
[PlyCount "92"]
[EventDate "1998.01.02"]
[EventType "swiss"]
[EventRounds "7"]
[EventCountry "GER"]
[SourceTitle "EXT 2000"]
[Source "ChessBase"]
[SourceDate "1999.11.16"]
[SourceVersion "1"]
[SourceVersionDate "1999.11.16"]
[SourceQuality "1"]

1. e4 c5 2. Nf3 e6 3. c3 Nf6 4. e5 Nd5 5. d4 cxd4 6. cxd4 d6 7. Nc3 Nxc3 8. bxc3 Qc7 9. Qc2 Nd7 10. exd6 Bxd6 11. Bd3 b6 12. 0-0 Bb7 13. Be4 Bxe4 14. Qxe4 0-0 15. Bb2 Rac8 16. Rac1 Nf6 17. Qe2 Qc4 18. Qxc4 Rxc4 19. Nd2 Ra4 20. a3 Bf4 21. Rc2 Bxd2 22. Rxd2 Rc8 23. Rc1 Nd5 24. Kf1 b5 25. Ke2 a6 26. Rdc2 f6 27. g3 Kf7 28. Kd3 Nb6 29. f4 Rac4 30. Rb1 Nd5 31. Ba1 h5 32. Kd2 h4 33. Rf1 hxg3 34. hxg3 Rh8 35. Kd3 Rh3 36. Rg2 f5 37. Bb2 Kg6 38. Rf3 Kh5 39. Kc2 Kg4 40. Rd3 Rc8 41. Kb3 Rch8 42. c4 bxc4+ 43. Kxc4 Rh2 44. Rxh2 Rxh2 45. Rb3 Rc2+ 46. Kd3 Rg2 0-1